Estadísticas para Países por orden de poblacion

Haz click aquí para intentar la prueba.

Estadísticas generales

  • Esta prueba ha sido intentada 53 veces
  • La puntuación promedio es 60 de 196

Estadísticas de respuestas

PoblaciónPaís% Correcto
1,424MCChina
100%
335MEEstados Unidos
100%
1,396MIIndia
100%
271MIIndonesia
100%
125MJJapón
92%
208MNNigeria
92%
227MPPakistán
92%
145MRRusia
92%
213MBBrasil
88%
167MBBanglades
83%
112MFFilipinas
79%
125MMMéxico
79%
96MVVietnam
79%
83MAAlemania
71%
117MEEtiopía
71%
64MFFrancia
71%
59MIItalia
67%
45MAArgentina
63%
107MEEgipto
63%
47MEEspaña
63%
51MKKenia
63%
84MTTurquía
63%
87MIIrán
58%
67MRReino Unido
58%
825VVaticano
58%
50MCColombia
54%
61MTTanzania
54%
43MUUcrania
54%
44MUUganda
54%
37MCCanadá
50%
51MCCorea del Sur
50%
18MKKazajistán
50%
38MPPolonia
50%
92MRR.D. Congo
50%
71MTTailandia
50%
28MVVenezuela
50%
32MYYemen
50%
18MZZambia
50%
81 565AAndorra
46%
42MIIrak
46%
39 724LLiechtenstein
46%
11 680NNauru
46%
17 989PPalaos
46%
58MSSudafrica
46%
33MUUzbekistán
46%
43MAArgelia
42%
42 418IIslas Marshall
42%
126,464KKiribati
42%
39 050MMónaco
42%
33 916SSan Marino
42%
44MSSudán
42%
10 876TTuvalu
42%
15MZZimbabue
42%
38MAAfganistán
38%
73 000DDominica
38%
36MMMarruecos
38%
29MNNepal
38%
311,685VVanuatu
38%
1MYYibuti
38%
92,664AAntigua y Barbuda
33%
35MAArabia Saudí
33%
25MAAustralia
33%
406,472BBahamas
33%
904 590FFiyi
33%
10MHHonduras
33%
6MKKirguistán
33%
630,400LLuxemburgo
33%
31MMMozambique
33%
4MOOmán
33%
33MPPerú
33%
48 000SSan Cristóbal y Nieves
33%
179,237SSanta Lucía
33%
3MUUruguay
33%
33MAAngola
29%
280,693BBarbados
29%
53MBBirmania
29%
441,725BBrunéi
29%
26MCCamerún
29%
1MEEstonia
29%
123,663GGranada
29%
28MMMadagascar
29%
33MMMalasia
29%
24MNNíger
29%
10MPPortugal
29%
19MRRumanía
29%
218,641SSanto Tomé y Príncipe
29%
104,633SSan Vicente y las Granadinas
29%
105,254TTonga
29%
11MBBélgica
25%
19MCChile
25%
5MDDinamarca
25%
17MEEcuador
25%
5MFFinlandia
25%
3MGGeorgia
25%
32MGGhana
25%
13MGGuinea
25%
9MHHungría
25%
366,669IIslandia
25%
2MJJamaica
25%
1MKKosovo
25%
4MKKuwait
25%
7MLLaos
25%
1MLLetonia
25%
21MMMalí
25%
112,107MMicronesia
25%
5MNNoruega
25%
214,930SSamoa
25%
7MSSerbia
25%
105,530SSeychelles
25%
2MAArmenia
21%
25MCCorea del Norte
21%
26MCCosta de Marfil
21%
4MCCroacia
21%
10MGGrecia
21%
4MIIrlanda
21%
691,191IIslas Salomón
21%
10MJJordania
21%
2MLLituania
21%
5MNNueva Zelanda
21%
17MPPaíses Bajos
21%
23MTTaiwán
21%
6MTTurkmenistán
21%
8MAAustria
17%
6MBBulgaria
17%
21MBBurkina Faso
17%
772,506BBután
17%
16MCCamboya
17%
11MCCuba
17%
5MEEslovaquia
17%
1MGGuinea Ecuatorial
17%
11MHHaití
17%
2MMMacedonia del Norte
17%
3MMMoldavia
17%
629,048MMontenegro
17%
6MNNicaragua
17%
10MRRepública Checa
17%
16MSSenegal
17%
5MSSingapur
17%
16MSSomalia
17%
21MSSri Lanka
17%
10MSSuecia
17%
8MSSuiza
17%
9MTTayikistán
17%
2MAAlbania
13%
10MAAzerbaiyán
13%
394,921BBelice
13%
12MBBenín
13%
9MBBielorrusia
13%
582,640CCabo Verde
13%
2MCCatar
13%
16MCChad
13%
1MCChipre
13%
9MEEmiratos Árabes Unidos
13%
3MEEritrea
13%
2MEEslovenia
13%
17MGGuatemala
13%
2MGGuinea-Bisáu
13%
8MIIsrael
13%
5MLLiberia
13%
515,358MMalta
13%
1MMMauricio
13%
3MMMongolia
13%
9MPPapúa Nueva Guinea
13%
13MRRuanda
13%
1MSSuazilandia
13%
8MTTogo
13%
1MTTrinidad y Tobago
13%
12MTTúnez
13%
1MBBaréin
8%
11MBBolivia
8%
12MBBurundi
8%
806,166CComoras
8%
2MGGabón
8%
797,202GGuyana
8%
2MLLesoto
8%
6MLLibia
8%
19MMMalaui
8%
4MMMauritania
8%
6MPParaguay
8%
10MRRepública Dominicana
8%
20MSSiria
8%
10MSSudán del Sur
8%
607,065SSurinam
8%
1MTTimor Oriental
8%
2MBBotsuana
4%
5MCCongo
4%
5MCCosta Rica
4%
6MEEl Salvador
4%
2MGGambia
4%
514,438MMaldivas
4%
2MNNamibia
4%
4MPPanamá
4%
5MRRepública Centroafricana
4%
8MSSierra Leona
4%
3MBBosnia-Herzegovina
0%
5MLLíbano
0%

Distribución de puntuación

Porcentaje por número respondido

Porcentaje de gente con cada puntuación

Historial de tus puntuaciones

No has intentado esta prueba.